Las cuentas de la vida: (Registro nro. 17567)
[ vista simple ]
| 000 -CABECERA | |
|---|---|
| Campo de control | 02126nam a22003737a 4500 |
| 005 - FECHA Y HORA DE LA ULTIMA TRANSACCION | |
| Campo de control | 20200104041731.0 |
| 008 - ELEMENTOS DE LONGITUD FIJA—INFORMACION GENERAL | |
| Campo de control | 090519s2000 sp abd rs 000 0 spa d |
| 020 ## - ISBN | |
| ISBN | 8481093041 (Galaxia Gutenberg) |
| 040 ## - FUENTE DE CATALOGACIÓN | |
| Agencia catalogadora original | DLC |
| Agencia transcriptora | DLC |
| Agencia Modificadora | DLC |
| -- | CO-BoPUJ |
| -- | CO-BoIAvH |
| 041 1# - IDIOMA | |
| Código de idioma para texto/pista de sonido o título separado | Español |
| 082 04 - NUMERO DE CLASIFICACION DECIMAL DEWEY | |
| Número de clasificación | 591.5 |
| Número del ítem | G55c |
| 100 1# - ASIENTO PRINCIPAL--NOMBRE PERSONAL | |
| Nombre personal | Gleich, Michael |
| 9 (RLIN) | 15679 |
| 245 14 - MENCION DE TITULO | |
| Título | Las cuentas de la vida: |
| Parte restante del título | un balance global de la naturaleza / |
| Mención de responsabilidad | Michael Gleich...[et al.] ; en colaboración con PNUD, UICN, WCMC y Aventis. |
| 260 ## - PUBLICACION, DISTRIBUCION, ETC. (PIE DE IMPRENTA) | |
| Lugar de publicación, distribución, etc. | Barcelona : |
| Nombre del editor, distribuidor, etc. | Galaxia Gutenberg, |
| -- | Círculo de Lectores, |
| Fecha de publicación, distribución, etc. | 2000. |
| 300 ## - DESCRIPCION FISICA | |
| Extensión | 287 p. |
| Otros detalles físicos | ilustraciones, mapas y tablas |
| Dimensiones | 28 cm. |
| 500 ## - NOTA GENERAL | |
| Nota general | "Proyecto Life counts." |
| 504 ## - NOTA DE BIBLIOGRAFIA, ETC. | |
| Nota de bibliografía | Incluye referencias bibliográficas (p. 280-283). |
| 505 ## - NOTA DE CONTENIDO | |
| Nota de contenido | El proyecto Life Counts --<br/>Riqueza natural, diversidad cultural --<br/>Estadísticas de los safaris --<br/>Fósiles: el disco duro de la vida --<br/>Los grandes cronistas de la naturaleza --<br/>Los censos de población --<br/>Expedición al planeta tierra --<br/>La extinción y sus causas -- <br/>Animales salvajes: amenazadores y amenazados -- <br/>La evolución: progreso por catástrofes --<br/>Sustainable use: un nuevo consenso para la conservación de las especies --<br/>El factor económico de la vida salvaje -- <br/>Farmacias naturistas y genes correctamente manipulados --<br/>El rescate de la biodiversidad -- <br/>¿Cuántos seres humanos resiste la tierra? -- <br/>El porvenir de la vida --<br/>Inventario 2000: el hombre y la naturaleza en cifras -- |
| 534 ## - NOTA DE VERSION ORIGINAL | |
| Título del original | Life counts : cataloguing life on earth. |
| 650 14 - ASIENTO SECUNDARIO DE MATERIA - TERMINO TEMATICO | |
| Término temático o nombre geográfico como elemento de entrada | Población animal |
| 9 (RLIN) | 90782 |
| 650 24 - ASIENTO SECUNDARIO DE MATERIA - TERMINO TEMATICO | |
| Término temático o nombre geográfico como elemento de entrada | Población animal |
| Subdivisión de forma | Estadísticas |
| 9 (RLIN) | 90783 |
| 650 24 - ASIENTO SECUNDARIO DE MATERIA - TERMINO TEMATICO | |
| Término temático o nombre geográfico como elemento de entrada | Población animal |
| Subdivisión general | Mediciones |
| 9 (RLIN) | 90784 |
| 650 24 - ASIENTO SECUNDARIO DE MATERIA - TERMINO TEMATICO | |
| Término temático o nombre geográfico como elemento de entrada | Diversidad biológica |
| Subdivisión de forma | Estadísticas |
| 9 (RLIN) | 90785 |
| 650 24 - ASIENTO SECUNDARIO DE MATERIA - TERMINO TEMATICO | |
| Término temático o nombre geográfico como elemento de entrada | Fósiles |
| Subdivisión general | Historia |
| 9 (RLIN) | 90786 |
| 650 24 - ASIENTO SECUNDARIO DE MATERIA - TERMINO TEMATICO | |
| Término temático o nombre geográfico como elemento de entrada | Origen de la vida |
| 9 (RLIN) | 20199 |
| 650 24 - ASIENTO SECUNDARIO DE MATERIA - TERMINO TEMATICO | |
| Término temático o nombre geográfico como elemento de entrada | Animales |
| Subdivisión de forma | Estadísticas |
| 9 (RLIN) | 90787 |
| 650 24 - ASIENTO SECUNDARIO DE MATERIA - TERMINO TEMATICO | |
| Término temático o nombre geográfico como elemento de entrada | Biología |
| 9 (RLIN) | 92 |
| 650 24 - ASIENTO SECUNDARIO DE MATERIA - TERMINO TEMATICO | |
| Término temático o nombre geográfico como elemento de entrada | Vida |
| 9 (RLIN) | 35599 |
| 700 1# - ASIENTO SECUNDARIO - NOMBRE PERSONAL | |
| Nombre personal | Maxeiner, Dirk |
| 9 (RLIN) | 15685 |
| 700 1# - ASIENTO SECUNDARIO - NOMBRE PERSONAL | |
| Nombre personal | Miersch, Michael |
| 9 (RLIN) | 15686 |
| 700 1# - ASIENTO SECUNDARIO - NOMBRE PERSONAL | |
| Nombre personal | Nicolay, Fabian |
| 9 (RLIN) | 15687 |
| 710 2# - ASIENTO SECUNDARIO - NOMBRE CORPORATIVO | |
| Nombre corporativo o de jurisdicción como elemento de entrada | Programa de las Naciones Unidas para el Desarrollo |
| 9 (RLIN) | 564 |
| 942 ## - ELEMENTOS ADICIONALES (KOHA) | |
| Sistema de clasificación | Dewey Decimal Classification |
| Tipo de ítem | Libro |
| Withdrawn status | Lost status | Sistema de Clasificación | Damaged status | No para préstamo | Colección | Inventariado | Ubicación Permanente | Ubicación actual | Fecha de adquisición | Fuente de Valor | Valor | Total Checkouts | Número topográfico | Inventario / Código de Barras | Date last seen | Date checked out | Ejemplar | Price effective from | Forma de adquisición | Tipo de material |
|---|---|---|---|---|---|---|---|---|---|---|---|---|---|---|---|---|---|---|---|---|
| Dewey Decimal Classification | General | Inventariado 2017 | Bogotá | Bogotá | 10/07/2015 | Instituto | 39000.00 | 1 | LB-591.5 G55c | 038876 | 02/05/2018 | 17/04/2018 | Ej. 1 | 10/07/2015 | Libro | |||||
| Dewey Decimal Classification | General | Bogotá | Bogotá | 10/04/2018 | LB-591.5 G55c | 004886 | 10/04/2018 | Ej. 3 | 10/04/2018 | Institucional | Libro | |||||||||
| Dewey Decimal Classification | General | Sala Fabio Quevedo | Sala Fabio Quevedo | 10/04/2018 | LB-591.5 G55c | 002945 | 10/04/2018 | Ej. 2 | 10/04/2018 | Donación | Libro |